Retrouver tous les pays de l'OTAN - Statistiques

Statistiques générales
  • Ce quiz a été pris 99 fois
  • Le résultat moyen est 23 sur 30
Statistiques - réponses
Population Réponse % Correct
68 084 217 France
97%
67 081 000 États-Unis
95%
79 903 481 Allemagne
92%
47 260 584 Espagne
89%
334 998 398 Royaume-Uni
88%
62 390 364 Italie
88%
37 943 231 Canada
86%
11 778 842 Belgique
84%
10 263 850 Portugal
84%
5 509 591 Norvège
84%
10 569 703 Grèce
80%
38 185 913 Pologne
80%
2 102 106 Slovénie
78%
5 436 066 Slovaquie
76%
639 589 Luxembourg
75%
4 208 973 Croatie
74%
21 230 362 Roumanie
74%
5 894 687 Danemark
72%
2 711 566 Lituanie
72%
1 862 687 Lettonie
72%
82 482 383 Turquie
72%
17 337 403 Pays-Bas
71%
10 702 596 République tchèque
71%
9 728 337 Hongrie
70%
6 919 180 Bulgarie
68%
1 220 042 Estonie
68%
3 088 385 Albanie
63%
354 234 Islande
63%
607 414 Monténégro
58%
2 128 262 Macédoine du Nord
53%
Aucun quiz correspondant
Distribution des résultats
% des personnes avec chaque résultat
Percentile par nombre de réponses
Votre historique - résultats
Vous n’avez pas pris ce quiz